000 00457nam a2200193Ia 4500
005 20250923150106.0
008 008 250917s9999 xx 000 0 eng d
037 _aTextual
040 _aDSWL
_beng
_cDSWL
041 _aeng
_2eng
084 _qDSWL
245 0 _aUGC model curriculum
_c by UGC
260 _aNew Delhi
_b UGC
_c2001
300 _a256p.
365 _aINR
_b128
925 _g128
942 _cTEXL
999 _c1459458
_d1459458